|
|
|
|
| LEADER |
00000cam a2200000 a 4500 |
| 001 |
vtls008573699 |
| 003 |
SK-MaSNL |
| 005 |
20260301021445.0 |
| 008 |
202510q1919 xo gr 000 0 slo |
| 015 |
|
|
|a SNBA1919
|
| 035 |
|
|
|a SAVUKc165045
|
| 040 |
|
|
|a SNK
|b slo
|c SNK
|e AACR2
|
| 041 |
0 |
|
|a slo
|
| 044 |
|
|
|a xo
|c SK
|
| 072 |
|
7 |
|a 94(100)
|x Svetové dejiny
|2 konspekt
|
| 080 |
|
|
|a 94(100)"1914/1918"
|2 2011
|
| 080 |
|
|
|a (0:82-94)
|2 2011
|
| 100 |
1 |
|
|a Juriga, Ferdinand,
|d 1874-1950
|4 aut
|9 107128
|
| 245 |
1 |
0 |
|a Písma, ktoré počas krvavej sveta potopy
|n Sväzok 4
|c nap. Ferdiš Juriga slovenský ľudový krajinský poslanec
|
| 260 |
|
|
|a Prešporok
|b Nakladateľský kníhtlačiarský, knihkupecký Spolok
|c [1919?]
|
| 300 |
|
|
|a 78 s.
|c 21 cm
|
| 650 |
0 |
7 |
|a prvá svetová vojna (1914-1918)
|2 SNKPH
|9 162650
|
| 650 |
0 |
7 |
|a World War (1914-1918)
|2 SNKPHeng
|9 293703
|
| 655 |
|
7 |
|a spomienky
|2 SNKPH
|9 29509
|
| 655 |
|
7 |
|a Reminiscences
|2 SNKPHeng
|9 93477
|
| 852 |
|
|
|a Slovenská národná knižnica
|
| 954 |
|
|
|a odborná, vedecká literatúra pôvodná (slovenská)
|2 lita
|
| 999 |
|
|
|c 565385
|d 567315
|
| 952 |
|
|
|a SNK
|b SNK
|y VYP
|7 0
|p 17A0498721
|o snkSD 2041/4 D1
|i snkI.1410/44
|0 0
|1 0
|4 0
|d 2006-02-28
|l 0
|r 2026-02-23 13:56:04
|w 2026-02-23
|
| 952 |
|
|
|a SNK
|b SNK
|y VYP
|7 0
|p 17A0498940
|o snkSD 2041/4 D2
|i snkK 2623/75
|0 0
|1 0
|4 0
|d 2006-02-28
|l 0
|r 2026-02-23 13:56:04
|w 2026-02-23
|
| 952 |
|
|
|a SNK
|b SNK
|y PREZ
|7 0
|p 17A0616997
|o snkSD 2041/4
|i snk1618/35
|0 0
|1 0
|4 0
|d 2009-05-13
|l 0
|r 2025-10-28 00:00:00
|w 2026-02-23
|